01389nam a2200289Ia 450000500170000000800390001702000190005610000270007524500790010225000390018130000580022049000270027850000620030552003850036765000350075265000380078765000350082570000260086094200150088626400490090133600270095033700330097733800280101004000350103808400110107399900150108420220317001106.0160825s2007 mx a g 000 0 spa a9789681660101210aMansour Manzur, Vivian10aFamilias familiarescVivian Mansour Mazur ; ilustraciones de Juan Gedovius a1a. edición b6a. reimpresión  a40 páginas bilustraciones en blanco y negroc19 cm aA la orilla del viento aIncluye datos biográficos de la autora y del ilustrador aEl protagonista de esta historia tiene una familia muy especial : su papá se opera para prevenir enfermedades que aún no tiene : su mamá necesita un mapa para no perderse en su propia casa : su tierna abuelita se tira al piso y echa espuma por la boca cada vez que alguien pronuncia una palabra con la letra e. Así que un buen día, desesperado, decide cambiar de familia142LEMBaCuento infantil mexicano142LEMBaLiteratura infantl mexicana142LEMBaFamilia en la literatura1 aGedovius, Juan917806 2loccBKINF aMéxicobFondo de Cultura Económicac2007 atextobtxt2rdacontent asin mediaciónbn2rdamedia avolumenbnc2rdacarrier aCO-BoRNBPbspaerdacCO-BoRNBP aC MAN3 c5897d5897